| 000 | 00706nac a22001931u 4500 | ||
|---|---|---|---|
| 008 | 100913t xxu||||| |||| 00| 0 eng d | ||
| 020 | _a0074622099 | ||
| 082 |
_a625 _bRAJ |
||
| 100 |
_aRaju ,N.Krishna. _918851 |
||
| 245 |
_aPrestressed Concrete / _cN.Krishna Raju. |
||
| 250 | _a3rd ed. | ||
| 260 |
_aNew delhi:1995. _bTata McGraw-Hill , _cc1995. |
||
| 300 |
_a797p. ; _c25cm. |
||
| 504 | _aIncludes Index. | ||
| 650 |
_aprestressed concrete. _918852 |
||
| 700 |
_aRaju ,N.Krishna. _918853 |
||
| 942 |
_cBB _k625 RAJ _2ddc |
||
| 999 |
_c2918 _d2918 |
||